000 00479nam a2200157 4500
001 144431
003 ES-MaACL
005 20230906201021.0
007 t|
008 070214s1981 ve r ||||1| spa d
100 1 _aSiso Martínez, J. M.
_9106695
245 1 0 _aHistoria de Venezuela /
_cJ. M. Siso Martínez.
260 _a[Caracas] :
_bDiscolar,
_c1981 (
_eSanta Cruz de Tenerife :
_fLit. A. Romero)
300 _aXI, 673 p. ;
_c21 cm.
852 _aES-MaACL
_jL-1387
_bR.101972
999 _c144431
_d144431